US State Couples Quiz Stats

Quiz Updated Jul 10, 2012

Challenge
Share
Tweet
Embed
Score 0/12 Timer 04:00
1 Play Today
% Correct
Alabama, Alaska
96.7%
South Carolina, South Dakota
94.8%
North Carolina, North Dakota
94.5%
Tennessee, Texas
92.3%
Arizona, Arkansas
90.3%
Colorado, Connecticut
88.7%
Oregon, Washington
56.7%
Alaska, Nebraska
55.1%
Florida, Nevada
50.5%
Alabama, Oklahoma
47.4%
Maryland, Rhode Island
44%
Delaware, New Hampshire
31.2%

You're not logged in!

Compare scores with friends on all Sporcle quizzes.
Join for Free
OR
Log In

You Might Also Like...

Show Comments

Extras

Top Quizzes Today


Score Distribution

Your Account Isn't Verified!

In order to create a playlist on Sporcle, you need to verify the email address you used during registration. Go to your Sporcle Settings to finish the process.

Report this User

Report this user for behavior that violates our Community Guidelines.

Details: